• 首页
  • 本馆介绍
  • 公告通知
  • 最新文献
  • 馆藏检索
  • 电子资源
  • 读者导购
  • 参考咨询
  • 我的图书馆
  • 登录
  • 详细信息显示
  • 放入我的书架
  • 预约/预借图书
  • 作者相关作品
  • 分类相关作品
  • 丛书相关作品
  • 出版社相关作品

书目信息

  • 表格格式
  • 工作单格式
  • 卡片格式
题名:
浪漫主义
    
 
作者: 弗斯特 著 ;李今 译
分册:  
出版信息: 北京   昆仑出版社  1989.3
页数: 104页
开本: 19厘米
丛书名: 文学批评术语丛书
单 册:
中图分类: I109.9
科图分类:
主题词: 浪漫主义--概论
电子资源:
ISBN: 978-7-80040-130-5
000 00854nam2 2200277 450
001 0100277212
005 20020928000000.0
010    @a978-7-80040-130-5@dCNY1.60
100    @a19910105d1989 m y0chiy0110 ea
101 1  @achi@ceng
102    @aCN@b110000
105    @ay z 000yy
106    @ar
200 1  @a浪漫主义@9Lang Man Zhu Yi @f( )弗斯特著@g李 今译@b专著
210    @a北京@c昆仑出版社@d1989.3
215    @a104页@d19厘米
225 2  @a文学批评术语丛书
300    @a著者原题:利里安·弗斯特
330    @a本书简要论述了十九世纪欧洲浪漫主义文学运动的起落,及其代表性作家,团体与作品。
410  0 @12001 @a文学批评术语丛书
606 0  @a浪漫主义@x概论
690    @aI109.9@v1980
701  0 @a弗斯特@9fu si te@4著
702  0 @a李今@c(女,@f1956~)@9li jin@4译
801  0 @aCN@bAiZhiMarc@c19910105
905    @aBZT@dI109.9@e10@f1@sI109.9/10
    
    浪漫主义/( )弗斯特著/李 今译.-北京:昆仑出版社,1989.3
    104页;19厘米.-(文学批评术语丛书)
    著者原题:利里安·弗斯特
    
    ISBN 978-7-80040-130-5:CNY1.60
    本书简要论述了十九世纪欧洲浪漫主义文学运动的起落,及其代表性作家,团体与作品。
●
相关链接 在五车中查询图书 在当当中查询图书 在豆瓣中查询图书


正题名:浪漫主义     索取号:I109.9/10         预约/预借

序号 登录号 条形码 馆藏地/架位号 状态 备注
1 2000115352   2000115352   旧书回溯/ [索取号:I109.9/10] 在馆    
山东省滨州职业学院图书馆 欢迎您!
大连网信软件有限公司© 版权所有